Score 0/16 Timer 04:00
5 Plays Today
% Correct
Judd Nelson
96.2%
John Kerry
95.7%
David Cameron
95.4%
Tracy Morgan
94.8%
Lee Marvin
93.8%
Patrick Henry
90.9%
Aaron Paul
90.2%
Rooney Mara
87.7%
% Correct
Michael Jordan
83.7%
Lewis Carroll
83.7%
Rose Leslie
82.4%
Daniel Craig
81.5%
James Joyce
81.1%
Channing Tatum
80.7%
Bruce Lee
77.2%
George Washington
73.4%
Remove Ads.
Support Sporcle.
Get the best of Sporcle when you Go Orange. This ad-free experience offers more features, more stats, and more fun while also helping to support Sporcle. Thank you for becoming a member.

You're not logged in!

Compare scores with friends on all Sporcle quizzes.
OR
Log In

Show Comments

Extras

Top Quizzes Today


Score Distribution

Your Account Isn't Verified!

In order to create a playlist on Sporcle, you need to verify the email address you used during registration. Go to your Sporcle Settings to finish the process.

Report this User

Report this user for behavior that violates our Community Guidelines.

Details: